[Event "SPA Open A"]
[Site "Amsterdam NED"]
[Date "2011.07.13"]
[Round "5"]
[White "Smit,F"]
[Black "Brink,B"]
[Result "0-1"]
[WhiteElo "2055"]
[BlackElo "2204"]
[EventDate "2011.07.09"]

1. c4 c5 2. g3 Nc6 3. Bg2 Nf6 4. Nc3 e6 5. Nf3 Be7 6. O-O O-O 7. d4 cxd4 8.
Nxd4 a6 9. b3 Qc7 10. Bb2 Ne5 11. Qd2 d6 12. Rad1 Bd7 13. Qc1 Rfe8 14. Rd2
Rab8 15. Qa1 b5 16. cxb5 axb5 17. Ne4 Rbc8 18. Rfd1 Nxe4 19. Bxe4 Bf8 20.
Nc2 Bc6 21. Bxc6 Nxc6 22. Nd4 Qb6 23. Nxc6 Rxc6 24. Qb1 Ra8 25. Bd4 Qc7 26.
Qd3 b4 27. e4 h6 28. h3 Ra5 29. Qe2 Qc8 30. Kh2 Qa8 31. e5 d5 32. Rb2 Bc5
33. Bxc5 Raxc5 34. Rd4 Qb8 35. Rbd2 Rc1 36. Kg2 R6c3 37. Rd1 R1c2 38. R1d2
Rc1 39. Rd1 Rxd1 40. Rxd1 Qb6 41. Rd2 Qc6 42. Rd4 Rc2 43. Qd3 Qc5 44. Rf4
Rxa2 45. Qd4 Qxd4 46. Rxd4 Re2 47. Rxb4 Rxe5 48. Rb7 g6 49. b4 Kg7 50. b5
Re4 51. Kf3 Kf6 52. h4 h5 53. b6 Rb4 54. Ke3 e5 55. Rd7 d4+ 56. Ke4 Ke6 57.
Rb7 Rb3 0-1

[Event "SPA Open A"]
[Site "Amsterdam NED"]
[Date "2011.07.13"]
[Round "5"]
[White "Osterwald,E"]
[Black "Haria,R"]
[Result "0-1"]
[WhiteElo "2200"]
[BlackElo "2073"]
[EventDate "2011.07.09"]

1. c4 Nf6 2. g3 c5 3. Bg2 d5 4. cxd5 Nxd5 5. Nc3 Nc7 6. Nf3 Nc6 7. a3 e6 8.
O-O Be7 9. d3 O-O 10. Be3 b6 11. Rb1 Bb7 12. Qa4 Bf6 13. Ne4 Be7 14. Rfc1
Nd5 15. Bd2 Rc8 16. b4 Nd4 17. Nxd4 cxd4 18. b5 f5 19. Bh3 Rxc1+ 20. Rxc1
fxe4 21. Bxe6+ Kh8 22. dxe4 Nc3 23. Bxc3 dxc3 24. Rxc3 Bc5 25. Bf5 Qd2 26.
Qc4 Qd1+ 27. Kg2 Rxf5 0-1

[Event "SPA Open A"]
[Site "Amsterdam NED"]
[Date "2011.07.13"]
[Round "5"]
[White "Hendriks,Th"]
[Black "Harmsen,Michiel"]
[Result "1-0"]
[WhiteElo "2053"]
[BlackElo "2140"]
[EventDate "2011.07.09"]

1. e4 e6 2. d4 d5 3. Nd2 Nf6 4. e5 Nfd7 5. Bd3 c5 6. c3 Nc6 7. Ne2 cxd4 8.
cxd4 f6 9. exf6 Nxf6 10. O-O Bd6 11. Nf3 Qc7 12. Nc3 a6 13. Bg5 O-O 14. Bh4
Nh5 15. Rc1 g6 16. Na4 Nf4 17. Bg3 Qa5 18. Bb1 Bd7 19. Nc5 Bxc5 20. dxc5 b6
21. cxb6 Qxb6 22. Qd2 Qb4 23. Rc3 d4 24. Bxf4 dxc3 25. Qxd7 Qxf4 26. Qxc6
cxb2 27. Qxe6+ Kg7 28. Qd7+ Rf7 29. Qd5 Raa7 30. Nd4 Qf6 31. Ne6+ Kh8 32.
Nc5 Rac7 33. Ne4 Qg7 34. Qa8+ Rf8 35. Qxa6 Rc1 36. Qa3 Rfc8 37. Nd2 Qd4 38.
Qe3 Qd5 39. Be4 Rxf1+ 40. Nxf1 Qc5 41. Qd2 Qc3 42. Qd6 Kg7 43. g3 Qc1 44.
Qe7+ Kh6 45. Kg2 b1=Q 46. Bxb1 Qxb1 47. Ne3 g5 48. Qe6+ Kg7 49. Nf5+ Kf8
50. Qe7+ Kg8 51. Qg7+ 1-0

[Event "SPA Open A"]
[Site "Amsterdam NED"]
[Date "2011.07.13"]
[Round "5"]
[White "White,K"]
[Black "Edeling,J"]
[Result "1-0"]
[WhiteElo "2104"]
[BlackElo "2115"]
[EventDate "2011.07.09"]

1. c4 d6 2. g3 e5 3. Bg2 f5 4. d4 Be7 5. Nc3 Nf6 6. e3 O-O 7. Nge2 c6 8.
O-O Na6 9. Rb1 Nc7 10. b4 Be6 11. d5 cxd5 12. cxd5 Bf7 13. Qb3 e4 14. Rd1
Bh5 15. Rd2 Qe8 16. Nf4 Bf3 17. Nce2 g5 18. Ne6 Nxe6 19. dxe6 Bxe2 20. Rxe2
Qh5 21. Rd2 Ng4 22. h3 Ne5 23. Bb2 Nf3+ 24. Bxf3 exf3 25. Qd5 f4 26. exf4
Rxf4 27. Kh2 Rxb4 28. Rd4 Rb6 29. Rf4 Qg6 30. Rf7 Qxb1 31. Bc3 Rb5 32. Qxf3
Bf8 33. Rg7+ Kh8 34. Qf7 1-0

[Event "SPA Open A"]
[Site "Amsterdam NED"]
[Date "2011.07.13"]
[Round "5"]
[White "Van Der Eijk,Martijn"]
[Black "Spiler,Angelo"]
[Result "1-0"]
[WhiteElo "2139"]
[BlackElo "2111"]
[EventDate "2011.07.09"]

1. c4 Nf6 2. Nc3 g6 3. e4 d6 4. d4 Bg7 5. f4 O-O 6. Nf3 c5 7. d5 e6 8. dxe6
fxe6 9. Bd3 Nc6 10. O-O Nd4 11. Qe1 Nh5 12. Ng5 h6 13. Nh3 e5 14. f5 gxf5
15. exf5 Bxf5 16. Bxf5 Rxf5 17. Rxf5 Nxf5 18. Qe4 Nd4 19. Bxh6 Qf6 20. Bg5
Qe6 21. Nd5 Nf4 22. Ne7+ Kh8 23. Nxf4 exf4 24. Re1 Qxe4 25. Rxe4 Nc6 26. b3
Bd4+ 27. Kf1 Kh7 28. Rxf4 Nxe7 29. Bxe7 Be5 30. Rf3 Re8 31. Bh4 Kg6 32. Bf2
a6 33. h4 b5 34. Be3 bxc4 35. bxc4 Rb8 36. Rf2 Rb1+ 37. Ke2 Bg3 38. h5+ Kg7
39. Rf3 Rb2+ 40. Kd3 Be5 41. h6+ Kg6 42. Rf2 Rb8 43. Ke4 a5 44. Kd5 a4 45.
Bxc5 dxc5 46. Kxe5 Kxh6 47. Kd5 a3 48. Rf3 Rg8 49. Rxa3 Rxg2 50. Kxc5 Kg6
51. Kd6 Rd2+ 52. Kc6 Kf6 53. c5 Ke7 54. Ra7+ Kd8 55. a4 1-0

[Event "SPA Open A"]
[Site "Amsterdam NED"]
[Date "2011.07.13"]
[Round "5"]
[White "Van den Berg,Ha"]
[Black "Volkers,A"]
[Result "1-0"]
[WhiteElo "2136"]
[BlackElo "2046"]
[EventDate "2011.07.09"]

1. e4 c5 2. Nf3 Nc6 3. d4 cxd4 4. Nxd4 Nf6 5. Nc3 e5 6. Ndb5 d6 7. Bg5 a6
8. Bxf6 gxf6 9. Na3 b5 10. Nd5 Bg7 11. c3 f5 12. exf5 Bxf5 13. Nc2 O-O 14.
Nce3 Be6 15. Bd3 f5 16. Bc2 Rc8 17. Qh5 Nd4 18. cxd4 Rxc2 19. Nxc2 Bxd5 20.
O-O f4 21. Rfd1 Be4 22. Rac1 Qa8 23. f3 Bg6 24. Qg4 Bf5 25. Qg5 h6 26. Qe7
e4 27. Ne1 Qd5 28. b3 e3 29. Nc2 Bf6 30. Nb4 Bxe7 31. Nxd5 Bh4 32. Nxf4
Bf2+ 33. Kf1 Bd7 34. Rc7 Be8 35. Ne6 Rf6 36. d5 b4 37. Rc8 Kf7 38. Nd8+ Kg6
39. Nc6 Bd7 40. Rg8+ Kf7 41. Rd8 Bf5 42. Ke2 h5 43. Rd4 Bb1 44. Rxb4 Bxa2
45. Rd7+ Kg6 46. Ne7+ Kg5 47. g3 Rf7 48. h4+ Kh6 49. Rxd6+ Kh7 50. Re6 a5
51. Rbb6 a4 52. Rh6+ Kg7 53. Rhg6+ Kh7 54. Rh6+ Kg7 55. Rbg6+ Kf8 56. Nc6
Rg7 57. Rh8+ Kf7 58. Ne5+ Ke7 59. Re6+ 1-0

[Event "SPA Open A"]
[Site "Amsterdam NED"]
[Date "2011.07.13"]
[Round "5"]
[White "Burton,G"]
[Black "Ritsema,R"]
[Result "1-0"]
[WhiteElo "2051"]
[BlackElo "2103"]
[EventDate "2011.07.09"]

1. e4 e6 2. d4 d5 3. e5 c5 4. c3 Nc6 5. Nf3 Bd7 6. Be2 f6 7. O-O fxe5 8.
dxe5 Qc7 9. Re1 Nh6 10. c4 d4 11. Bd3 O-O-O 12. Na3 Nf7 13. Bf4 Be7 14. h4
g6 15. Nc2 Rdg8 16. b4 g5 17. hxg5 Nxg5 18. Bxg5 Bxg5 19. bxc5 Bf4 20. Rb1
Be8 21. Ncxd4 Qg7 22. Bf1 Nxd4 23. Qxd4 Qh6 24. Rxb7 Bc6 25. Rf7 Rf8 26.
Qd6 Rxf7 27. Qxc6+ Kd8 28. Rd1+ Ke7 29. Qd6+ Ke8 30. Qd8+ 1-0

[Event "SPA Open A"]
[Site "Amsterdam NED"]
[Date "2011.07.14"]
[Round "6"]
[White "Friedel,J"]
[Black "Pruijssers,R"]
[Result "0-1"]
[WhiteElo "2531"]
[BlackElo "2461"]
[EventDate "2011.07.09"]

1. e4 e5 2. Nf3 Nc6 3. Bb5 f5 4. d3 fxe4 5. dxe4 Nf6 6. O-O Bc5 7. Qd3 Nd4
8. Nxd4 Bxd4 9. Nd2 a6 10. Bc4 d6 11. Nf3 Ba7 12. Be3 Bxe3 13. fxe3 Qe7 14.
Nh4 Be6 15. Nf5 Bxf5 16. Rxf5 O-O-O 17. Raf1 Kb8 18. a4 Qd7 19. b3 Qc6 20.
Rg5 Rd7 21. Bd5 Qb6 22. c3 c6 23. Be6 Re7 24. Qxd6+ Qc7 25. Qxc7+ Kxc7 26.
Bc4 Nxe4 27. Rg4 Nf6 28. Rh4 Rd8 29. b4 Rd2 30. b5 axb5 31. axb5 Rc2 32.
bxc6 bxc6 33. Ba6 e4 34. Rb1 Rxc3 35. Rh3 Re5 36. g4 Ra5 37. Be2 Rc2 38.
Bd1 Rca2 39. Kf1 Ra1 40. Rxa1 Rxa1 41. Ke1 h6 0-1

[Event "SPA Open A"]
[Site "Amsterdam NED"]
[Date "2011.07.14"]
[Round "6"]
[White "Neverov,V"]
[Black "Horvath,Cs1"]
[Result "1/2-1/2"]
[WhiteElo "2500"]
[BlackElo "2517"]
[EventDate "2011.07.09"]

1. d4 d5 2. c4 c6 3. Nf3 Nf6 4. Nc3 dxc4 5. a4 Bf5 6. e3 e6 7. Bxc4 Nbd7 8.
O-O Bb4 9. Qe2 Bg4 10. h3 Bxf3 11. Qxf3 O-O 12. Rd1 Rc8 13. e4 e5 14. Be3
exd4 15. Bxd4 Qe7 16. Qf5 Rfe8 17. e5 Ra8 1/2-1/2

[Event "SPA Open A"]
[Site "Amsterdam NED"]
[Date "2011.07.14"]
[Round "6"]
[White "Haslinger,S"]
[Black "Miedema,D"]
[Result "1-0"]
[WhiteElo "2548"]
[BlackElo "2399"]
[EventDate "2011.07.09"]

1. e4 c6 2. d4 d5 3. e5 Bf5 4. Nf3 e6 5. Be2 Ne7 6. O-O h6 7. Nbd2 Nd7 8.
Nb3 Bh7 9. Bd2 Ng6 10. Re1 Be7 11. c4 dxc4 12. Na5 Qc7 13. Nxc4 O-O 14. Rc1
Rfd8 15. b4 a6 16. g3 Nb6 17. Na5 Nf8 18. Bf1 Bg6 19. h3 Nh7 20. Bg2 Ng5
21. Bxg5 Bxg5 22. Nxg5 hxg5 23. Qd2 Qe7 24. a3 Rd7 25. Nxb7 Rxb7 26. Bxc6
Rab8 27. Bxb7 Qxb7 28. Qxg5 Qd5 29. Qe3 Nc4 30. Qb3 Nd2 31. Qxd5 exd5 32.
Red1 Nf3+ 33. Kf1 a5 34. bxa5 Rb3 35. a6 Be4 36. a7 Rb2 37. a8=Q+ Kh7 38.
Rc3 1-0

[Event "SPA Open A"]
[Site "Amsterdam NED"]
[Date "2011.07.14"]
[Round "6"]
[White "Bosboom,M"]
[Black "Nijboer,F"]
[Result "1/2-1/2"]
[WhiteElo "2399"]
[BlackElo "2546"]
[EventDate "2011.07.09"]

1. d4 Nf6 2. Nf3 g6 3. c4 Bg7 4. Nc3 O-O 5. Bg5 d6 6. Qd2 Nbd7 7. g3 a6 8.
a4 c5 9. d5 Qa5 10. Bg2 b5 11. O-O bxc4 12. Bh6 Rb8 13. Bxg7 Kxg7 14. h3
Bb7 15. e4 Ba8 16. Rfe1 Qc7 17. Re2 Rfe8 18. Rd1 h6 19. g4 Ne5 20. Ne1 g5
21. f4 gxf4 22. Qxf4 Ng6 23. Qg3 e6 24. Rf2 exd5 25. Nc2 d4 26. Rdf1 dxc3
27. Qxc3 Re6 28. Rxf6 Rxf6 29. Qxf6+ Kg8 30. Ne3 Qe7 31. Qxe7 Nxe7 32. Nxc4
d5 33. exd5 Bxd5 34. Bxd5 Nxd5 35. Rf5 Rb4 36. Nd6 Ne3 37. Rxc5 Rxb2 38.
Nf5 Nxf5 1/2-1/2

[Event "SPA Open A"]
[Site "Amsterdam NED"]
[Date "2011.07.14"]
[Round "6"]
[White "Adhiban,B"]
[Black "Wiersma,E"]
[Result "1-0"]
[WhiteElo "2542"]
[BlackElo "2390"]
[EventDate "2011.07.09"]

1. d4 Nf6 2. c4 g6 3. Nc3 Bg7 4. e4 d6 5. Nf3 O-O 6. h3 e5 7. d5 Nh5 8. Nh2
a5 9. g3 Na6 10. Be2 Nf6 11. Ng4 Nc5 12. Nxf6+ Qxf6 13. h4 Qe7 14. h5 gxh5
15. Rxh5 f5 16. Be3 f4 17. Bxc5 dxc5 18. Qd2 Ra6 19. O-O-O f3 20. Bd3 Bg4
21. Rh2 Bf6 22. Kb1 Bg5 23. Qc2 Rg6 24. Rdh1 h5 25. Bf1 h4 26. gxh4 Bf4 27.
h5 Bxh2 28. hxg6 Qh4 29. Nd1 Bh5 30. Ne3 Bxg6 31. Bd3 Rf4 32. Nf1 Rxe4 33.
Nd2 Re2 34. Bxg6 Qxf2 35. Qf5 Kg7 36. Qf7+ Kh6 37. Rxh2+ Qh4 38. Rh1 1-0

[Event "SPA Open A"]
[Site "Amsterdam NED"]
[Date "2011.07.14"]
[Round "6"]
[White "Lenderman,A"]
[Black "Kohler,Ar"]
[Result "1-0"]
[WhiteElo "2525"]
[BlackElo "2225"]
[EventDate "2011.07.09"]

1. d4 Nf6 2. c4 e6 3. g3 d5 4. Nf3 c6 5. Bg2 Nbd7 6. Qc2 Bd6 7. Nbd2 O-O 8.
O-O Re8 9. Rd1 a5 10. e4 dxe4 11. Nxe4 Nxe4 12. Qxe4 a4 13. Qc2 f6 14. Nd2
Nf8 15. Ne4 Bc7 16. Nc3 a3 17. b4 f5 18. b5 Bd7 19. bxc6 Bxc6 20. d5 exd5
21. cxd5 Bd7 22. d6 Bb6 23. Bxb7 Bxf2+ 24. Qxf2 1-0

[Event "SPA Open A"]
[Site "Amsterdam NED"]
[Date "2011.07.14"]
[Round "6"]
[White "Klein,Da"]
[Black "Riemersma,L"]
[Result "0-1"]
[WhiteElo "2366"]
[BlackElo "2416"]
[EventDate "2011.07.09"]

1. e4 c5 2. Nf3 d6 3. d4 Nf6 4. Nc3 cxd4 5. Nxd4 g6 6. Be3 Bg7 7. f3 Nc6 8.
Qd2 O-O 9. g4 Be6 10. Nxe6 fxe6 11. O-O-O Ne5 12. Be2 Qc8 13. Kb1 Nc4 14.
Bxc4 Qxc4 15. Qd3 Rac8 16. Nb5 Nd7 17. f4 a6 18. Na3 Qb4 19. e5 Nc5 20. Qc4
Qxc4 21. Nxc4 Na4 22. Nb6 Nxb6 23. Bxb6 Rxf4 24. Be3 Re4 25. exd6 Rxe3 26.
dxe7 Bf6 27. Rd7 Re8 28. Rxb7 Rxe7 29. Rb8+ Kg7 30. h4 Bxh4 0-1

[Event "SPA Open A"]
[Site "Amsterdam NED"]
[Date "2011.07.14"]
[Round "6"]
[White "Visser,HJ"]
[Black "Van Assendelft,F"]
[Result "0-1"]
[WhiteElo "2225"]
[BlackElo "2393"]
[EventDate "2011.07.09"]

1. e4 c5 2. Nf3 d6 3. d4 cxd4 4. Nxd4 Nf6 5. Nc3 Nc6 6. Bg5 Bd7 7. Qd2 Rc8
8. f3 a6 9. Nxc6 Bxc6 10. O-O-O e6 11. Kb1 b5 12. Ne2 h6 13. Bf4 e5 14. Bg3
Be7 15. Nc3 Qc7 16. Bd3 O-O 17. Rc1 b4 18. Ne2 Qb6 19. c4 Nd7 20. h4 Nc5
21. Bf2 b3 22. Bxc5 bxa2+ 23. Ka1 Qxc5 24. Nc3 Bd8 25. Nd5 a5 26. Qe3 Bxd5
27. Qxc5 Rxc5 28. exd5 Bb6 29. Kxa2 Rc7 30. Bc2 Be3 31. Rce1 Bd4 32. Bd3
Rb8 33. b3 a4 34. b4 Rxb4 35. Rb1 Rcb7 36. Rxb4 Rxb4 37. Rb1 Rxb1 38. Bxb1
Bc5 39. h5 Kf8 40. Bc2 a3 41. Ba4 Ke7 42. g3 Kf6 43. Be8 g6 44. hxg6 fxg6
45. Kb3 h5 46. Ka2 Kg5 47. Kb3 Kh6 48. Bd7 g5 49. Bh3 h4 50. g4 Kg6 51. Bg2
Kf6 0-1

[Event "SPA Open A"]
[Site "Amsterdam NED"]
[Date "2011.07.14"]
[Round "6"]
[White "Bezemer,A"]
[Black "Hovenga,A"]
[Result "1/2-1/2"]
[WhiteElo "2348"]
[BlackElo "2221"]
[EventDate "2011.07.09"]

1. e4 c6 2. d4 d5 3. exd5 cxd5 4. c4 Nf6 5. Nc3 e6 6. Nf3 Bb4 7. cxd5 Nxd5
8. Qc2 Nc6 9. Be2 O-O 10. O-O Be7 11. a3 Bf6 12. Rd1 Nxc3 13. bxc3 Qc7 14.
Qe4 Ne7 15. c4 Bd7 16. Bf4 Qc8 17. Rac1 Ba4 18. Rd3 Ng6 19. Bd2 Re8 20. Ne5
1/2-1/2

[Event "SPA Open A"]
[Site "Amsterdam NED"]
[Date "2011.07.15"]
[Round "7"]
[White "Pruijssers,R"]
[Black "Haslinger,S"]
[Result "1/2-1/2"]
[WhiteElo "2461"]
[BlackElo "2548"]
[EventDate "2011.07.09"]

1. e4 e5 2. Nf3 Nc6 3. Bb5 a6 4. Ba4 Nf6 5. O-O Be7 6. Re1 b5 7. Bb3 d6 8.
c3 O-O 9. h3 Na5 10. Bc2 c5 11. d4 Qc7 12. Nbd2 cxd4 13. cxd4 Nc6 14. Nb3
a5 15. Be3 a4 16. Nbd2 Bd7 17. Rc1 Qb7 18. Nf1 Rfc8 19. Ng3 Bd8 20. Qe2 Bb6
21. dxe5 Nxe5 22. Nxe5 dxe5 23. Bd3 h6 24. Nf5 Bxf5 25. exf5 Bxe3 26. Qxe3
Qd5 27. Be4 Nxe4 28. Qxe4 Qxe4 29. Rxc8+ Rxc8 30. Rxe4 Rc1+ 31. Kh2 Rc2 32.
Rxe5 Rxb2 33. f4 f6 34. Rd5 b4 35. Rd4 a3 36. Kg3 Kf8 37. Kf3 Ke7 38. g4
Rxa2 39. Rxb4 Rb2 40. Rd4 Rb3+ 41. Kg2 h5 42. gxh5 a2 43. Ra4 Rb2+ 44. Kg3
Kd6 45. Kg4 Rg2+ 46. Kf3 Rc2 47. Kg4 Kc5 48. h6 gxh6 49. Kh5 Kb5 50. Ra8
Rg2 51. Kxh6 Kc4 52. h4 Kb3 53. h5 Rg1 54. Kh7 a1=Q 55. Rxa1 Rxa1 56. Kg7
Kc4 57. h6 Kd5 58. h7 Rh1 59. h8=Q Rxh8 60. Kxh8 Ke4 61. Kg7 Kxf5 62. Kf7
Kxf4 63. Kxf6 1/2-1/2

[Event "SPA Open A"]
[Site "Amsterdam NED"]
[Date "2011.07.15"]
[Round "7"]
[White "Popovic,Du"]
[Black "Adhiban,B"]
[Result "1/2-1/2"]
[WhiteElo "2569"]
[BlackElo "2542"]
[EventDate "2011.07.09"]

1. e4 e5 2. Nf3 Nc6 3. Bb5 a6 4. Ba4 Nf6 5. Qe2 b5 6. Bb3 Bc5 7. c3 O-O 8.
d3 d5 9. Bg5 dxe4 10. dxe4 h6 11. Bh4 Qd6 12. Bg3 Nh5 13. Nbd2 Nxg3 14.
hxg3 Ne7 15. Rd1 Qf6 16. Nf1 1/2-1/2

[Event "SPA Open A"]
[Site "Amsterdam NED"]
[Date "2011.07.15"]
[Round "7"]
[White "Horvath,Cs1"]
[Black "Lenderman,A"]
[Result "0-1"]
[WhiteElo "2517"]
[BlackElo "2525"]
[EventDate "2011.07.09"]

1. d4 d6 2. e4 Nf6 3. Nc3 e5 4. Nge2 c6 5. f3 Qb6 6. a4 Nbd7 7. a5 Qc7 8.
d5 cxd5 9. exd5 a6 10. Ng3 b5 11. axb6 Nxb6 12. Nge4 Be7 13. Nxf6+ Bxf6 14.
Bd3 Bb7 15. Ne4 Bh4+ 16. g3 Be7 17. c4 O-O 18. Bd2 f5 19. Nf2 Qc5 20. Ra5
Qc8 21. Qc2 g6 22. O-O Nd7 23. b4 Bd8 24. Ra3 Bb6 25. Kg2 Rf7 26. Nh3 Re7
27. Ng5 Nf6 28. Ne6 e4 29. fxe4 Rxe6 30. dxe6 fxe4 31. Be2 e3+ 32. Bf3 exd2
33. Qxd2 Ne4 34. Qf4 Qxe6 35. Re1 Rf8 0-1

[Event "SPA Open A"]
[Site "Amsterdam NED"]
[Date "2011.07.15"]
[Round "7"]
[White "Nijboer,F"]
[Black "Neverov,V"]
[Result "1/2-1/2"]
[WhiteElo "2546"]
[BlackElo "2500"]
[EventDate "2011.07.09"]

1. e4 e5 2. Nf3 Nc6 3. Bb5 a6 4. Ba4 Nf6 5. O-O Be7 6. Re1 b5 7. Bb3 d6 8.
c3 O-O 9. h3 Nb8 10. d4 Nbd7 11. Nbd2 Bb7 12. Bc2 Re8 13. Nf1 Bf8 14. Ng3
g6 15. a4 Bg7 16. Bd3 c6 17. Be3 Qc7 18. Qd2 Rad8 19. Bg5 Rb8 20. b3 Nf8
21. Qc2 Ne6 22. Be3 Nd7 23. Rad1 Ba8 24. b4 Nb6 25. dxe5 dxe5 26. a5 Nd7
27. c4 c5 28. cxb5 axb5 29. Bf1 Rec8 30. Qd2 Rd8 31. Qc3 cxb4 32. Qxc7 Nxc7
33. Nd2 Ne6 34. Nb3 Nd4 35. Nxd4 exd4 36. Bxd4 Ne5 37. Ba1 Nc4 38. Bxg7
Kxg7 39. Rxd8 Rxd8 40. Rb1 Nxa5 41. Rxb4 Bc6 42. f4 h5 43. h4 Rb8 44. Ne2
Nb7 45. e5 Nc5 46. Nd4 Bd7 47. g3 f6 48. exf6+ Kxf6 49. Ne2 Na6 50. Rd4 Ke7
51. Nc1 Nc5 52. Na2 Ne6 53. Rb4 Kd6 54. Rb2 Nd4 55. Kf2 Bf5 56. Nb4 Ra8 57.
Nd3 Ra3 58. Rd2 Rc3 59. Rd1 Rc2+ 60. Ke3 Bg4 61. Nb4 Bxd1 62. Nxc2 Nxc2+
63. Kd2 b4 64. Bd3 b3 65. Kxd1 Ne3+ 66. Kd2 Nf5 67. Kc3 Ke6 68. Kxb3 Kf6
69. Kc3 Nxg3 70. Kd2 Nf5 71. Ke2 Nxh4 72. Kf2 Nf5 73. Kf3 Ke7 74. Bxf5 gxf5
75. Kg3 Kf6 76. Kh4 1/2-1/2

[Event "SPA Open A"]
[Site "Amsterdam NED"]
[Date "2011.07.15"]
[Round "7"]
[White "Afek,Y"]
[Black "Friedel,J"]
[Result "0-1"]
[WhiteElo "2298"]
[BlackElo "2531"]
[EventDate "2011.07.09"]

1. e4 e5 2. Nf3 Nc6 3. Nc3 Nf6 4. d4 exd4 5. Nxd4 Bb4 6. Nxc6 bxc6 7. Bd3
O-O 8. O-O d5 9. exd5 cxd5 10. Bg5 c6 11. Ne2 h6 12. Bh4 Bd6 13. Nd4 c5 14.
Nb5 Bb8 15. c4 Bb7 16. Qf3 dxc4 17. Qxb7 cxd3 18. f4 Qd5 19. Qa6 Ng4 20.
Rf3 d2 21. Qa4 Qh5 22. Bg3 Rd8 23. Nc3 Bc7 24. h3 Nf6 25. Bf2 Nd5 26. Rd1
Nxc3 27. bxc3 Rd6 28. Be3 Rad8 29. Qxa7 Bb6 30. Qb7 Qf5 31. Rg3 Qc2 32. Qf3
Re8 33. Kh2 g6 34. Qg4 h5 35. Qe2 c4 36. Rxd2 Qxd2 37. Qxd2 Rxd2 38. Bxd2
Re2 39. Bc1 Re1 40. Bd2 Bg1+ 41. Kh1 Rd1 0-1

[Event "SPA Open A"]
[Site "Amsterdam NED"]
[Date "2011.07.15"]
[Round "7"]
[White "Bosboom,M"]
[Black "Posedaru,B"]
[Result "1/2-1/2"]
[WhiteElo "2399"]
[BlackElo "2354"]
[EventDate "2011.07.09"]

1. c4 e5 2. b3 Nf6 3. Bb2 Nc6 4. a3 d5 5. cxd5 Nxd5 6. d3 g6 7. Nf3 Bg7 8.
e3 O-O 9. Nbd2 Re8 10. Ra2 a5 11. Be2 a4 12. h4 axb3 13. Nxb3 Nb6 1/2-1/2

[Event "SPA Open A"]
[Site "Amsterdam NED"]
[Date "2011.07.15"]
[Round "7"]
[White "Reinderman,D"]
[Black "Brink,B"]
[Result "1-0"]
[WhiteElo "2618"]
[BlackElo "2204"]
[EventDate "2011.07.09"]

1. c4 Nf6 2. g3 e6 3. Bg2 c5 4. Nf3 Nc6 5. O-O Be7 6. d4 cxd4 7. Nxd4 O-O
8. Nc3 a6 9. b3 Qc7 10. Bb2 d6 11. Rc1 Ne5 12. f4 Ng6 13. e3 Re8 14. h3 Bd7
15. g4 h6 16. Qe1 e5 17. Nf5 exf4 18. Nxg7 Kxg7 19. Nd5 Qd8 20. exf4 Kg8
21. Qc3 Bc6 22. g5 Bxd5 23. Bxd5 Qb6+ 24. Kh1 Nh5 25. Qf3 Ngxf4 26. Bxf7+
1-0

[Event "SPA Open A"]
[Site "Amsterdam NED"]
[Date "2011.07.15"]
[Round "7"]
[White "Miedema,D"]
[Black "Sanders,I"]
[Result "1-0"]
[WhiteElo "2399"]
[BlackElo "2105"]
[EventDate "2011.07.09"]

1. d4 Nf6 2. c4 g6 3. Nc3 Bg7 4. e4 d6 5. f3 O-O 6. Be3 e5 7. Nge2 c6 8.
Qb3 exd4 9. Nxd4 Nbd7 10. O-O-O Qe7 11. g3 Nc5 12. Qa3 a5 13. Bg2 Ne6 14.
e5 Nc5 15. Rhe1 Qxe5 16. Nc2 Qh5 17. Rxd6 Ne6 18. h4 Re8 19. Rd2 Bf8 20.
Qb3 Nc5 21. Qb6 Nfd7 22. Qc7 Ne6 23. g4 Qxh4 24. Bf2 Qxf2 25. Rxe6 Qxd2+
26. Kxd2 Rxe6 27. Nd4 Rd6 28. Ke3 Bh6+ 29. f4 Bxf4+ 30. Kxf4 Rxd4+ 31. Ke3
Rxc4 32. Qd8+ Kg7 33. Ne4 Rxe4+ 34. Bxe4 Nf6 35. Bf3 h6 36. Kf4 Nd7 37. a4
Kh7 38. Be2 Kg7 39. Bc4 g5+ 40. Ke4 Nf6+ 41. Kd4 Nd5 42. Ke5 Rb8 43. Kd6
Ra8 44. Bxd5 cxd5 45. Ke7 Bxg4 46. Qxa8 Be6 47. Qxa5 g4 48. Qc7 1-0

[Event "SPA Open A"]
[Site "Amsterdam NED"]
[Date "2011.07.15"]
[Round "7"]
[White "Wiersma,E"]
[Black "Timmermans,I"]
[Result "1-0"]
[WhiteElo "2390"]
[BlackElo "2232"]
[EventDate "2011.07.09"]

1. d4 d5 2. c4 c6 3. Nf3 Nf6 4. Nc3 dxc4 5. a4 Bf5 6. Ne5 Nbd7 7. Nxc4 Nb6
8. Nxb6 Qxb6 9. a5 Qc7 10. a6 b6 11. g3 e6 12. Bg2 Be7 13. Bf4 Qd7 14. e4
Bg6 15. O-O O-O 16. Be5 Rfd8 17. Qe2 Ne8 18. d5 f6 19. Bh3 Bf7 20. Rfd1 Bd6
21. Bxd6 Nxd6 22. e5 fxe5 23. dxc6 Qxc6 24. Bg2 e4 25. Nxe4 Qb5 26. Qd2 Ne8
27. Qxd8 Rxd8 28. Rxd8 g6 29. Nd6 Qxb2 30. Rd1 1-0

[Event "SPA Open A"]
[Site "Amsterdam NED"]
[Date "2011.07.16"]
[Round "8"]
[White "Van Assendelft,F"]
[Black "Popovic,Du"]
[Result "0-1"]
[WhiteElo "2393"]
[BlackElo "2569"]
[EventDate "2011.07.09"]

1. e4 c5 2. Nf3 d6 3. d4 cxd4 4. Nxd4 Nf6 5. Nc3 a6 6. Bg5 e6 7. f4 Qb6 8.
Qd2 Nc6 9. Bxf6 gxf6 10. Nb3 Bd7 11. O-O-O O-O-O 12. Be2 h5 13. Rhf1 Be7
14. Rf3 Rdg8 15. Bf1 Kb8 16. Kb1 Rc8 17. Na4 Qa7 18. c4 Ka8 19. Nc3 Nb8 20.
Nd4 Qb6 21. Ka1 Nc6 22. Na4 Qa7 23. Rb3 Bd8 24. Nxc6 Bxc6 25. Qb4 a5 26.
Qa3 Bxe4 27. Nc3 Bc2 28. Nb5 Qc5 29. Rxd6 Qf2 30. Be2 Qg1+ 0-1

[Event "SPA Open A"]
[Site "Amsterdam NED"]
[Date "2011.07.16"]
[Round "8"]
[White "Haslinger,S"]
[Black "Tan,Mat"]
[Result "0-1"]
[WhiteElo "2548"]
[BlackElo "2400"]
[EventDate "2011.07.09"]

1. e4 e6 2. d4 d5 3. Nd2 c5 4. Ngf3 cxd4 5. exd5 Qxd5 6. Bc4 Qd6 7. O-O Nf6
8. Nb3 Nc6 9. Nbxd4 Nxd4 10. Nxd4 a6 11. Re1 Qc7 12. Qe2 Bc5 13. c3 b5 14.
Bd3 O-O 15. Bg5 Nd5 16. Rac1 Bb7 17. Qg4 Rfe8 18. c4 f5 19. Nxf5 exf5 20.
Bxf5 Ne7 21. Be6+ Kh8 22. b4 Bxb4 23. cxb5 Qa5 24. Bh6 Bc3 25. Re3 Bf6 26.
Rh3 gxh6 27. Rxh6 Qd2 28. Rxh7+ Kxh7 29. Qh3+ Qh6 30. Qd3+ Kh8 31. Re1 Rad8
32. Qc4 axb5 33. Qxb5 Bc6 34. Qb3 Bd5 0-1

[Event "SPA Open A"]
[Site "Amsterdam NED"]
[Date "2011.07.16"]
[Round "8"]
[White "Adhiban,B"]
[Black "Friedel,J"]
[Result "1-0"]
[WhiteElo "2542"]
[BlackElo "2531"]
[EventDate "2011.07.09"]

1. d4 Nf6 2. c4 e6 3. g3 d5 4. Nf3 Bb4+ 5. Bd2 Be7 6. Bg2 O-O 7. O-O c6 8.
Bf4 b6 9. Nc3 dxc4 10. Bxb8 Rxb8 11. Ne5 Bb7 12. Bxc6 Nd5 13. Bxb7 Rxb7 14.
e4 Nxc3 15. bxc3 Qc7 16. a4 a6 17. Qe2 Rc8 18. Rfb1 Bd6 19. Ng4 b5 20. axb5
axb5 21. Ra6 b4 22. Ne3 h6 23. d5 Rb6 24. Rxb6 Qxb6 25. cxb4 c3 26. Qd3 Be5
27. Nc2 Rd8 28. Rd1 exd5 29. exd5 Qb7 30. b5 g6 31. Nb4 Rd6 32. Nc6 Bf6 33.
Qc4 Qb6 34. Qf4 Qc5 35. b6 Bg5 36. b7 Bxf4 37. b8=Q+ Kh7 38. Ne7 Kg7 39.
gxf4 Rd7 40. Qg8+ Kf6 41. Qh8+ 1-0

[Event "SPA Open A"]
[Site "Amsterdam NED"]
[Date "2011.07.16"]
[Round "8"]
[White "Miedema,D"]
[Black "Reinderman,D"]
[Result "1-0"]
[WhiteElo "2399"]
[BlackElo "2618"]
[EventDate "2011.07.09"]

1. d4 f5 2. g3 Nf6 3. Bg2 g6 4. c4 Bg7 5. Nf3 O-O 6. O-O d6 7. Nc3 e6 8.
Qc2 Nc6 9. e4 fxe4 10. Nxe4 Nxe4 11. Qxe4 e5 12. Bg5 Qe8 13. dxe5 dxe5 14.
Rad1 Bf5 15. Qh4 Nd8 16. Be7 h6 17. Bxf8 g5 18. Qxh6 Bxh6 19. Bxh6 Qh5 20.
Bxg5 e4 21. Nh4 Nf7 22. Bf4 Bh7 23. b3 Rd8 24. Rde1 Rd4 25. f3 Ne5 26. Be3
Rd6 27. fxe4 Ra6 28. a4 Rd6 29. Bf4 Rd3 30. b4 Rc3 31. c5 Nd3 32. Bf3 Qf7
33. Re3 Qb3 34. e5 Nxf4 35. Rxc3 Qxc3 36. gxf4 Qxb4 37. Kg2 Qxa4 38. Kg3 a5
39. f5 Qd4 40. Re1 a4 41. e6 Qg7+ 42. Bg4 Qe7 43. Re2 Kg7 44. f6+ Kxf6 45.
Rf2+ Kg7 46. Rf7+ Qxf7 47. exf7 Kxf7 48. Nf3 a3 49. Nd4 Kf6 50. Kf4 a2 51.
Nb3 Bc2 52. Na1 Ba4 53. Bf3 b6 54. Bd5 bxc5 55. Bxa2 Kg6 56. Bb3 Bb5 57.
Bd1 Kf6 58. Nc2 Bd7 59. Ne3 Be6 60. Be2 c6 61. Bf3 Bd7 62. Nc4 Be6 63. Ne5
c4 64. Nxc6 c3 65. Nd4 Bd7 66. Be4 Ba4 67. Bc2 Bd7 68. Ne2 Bc8 69. Nxc3 Bh3
70. Nd5+ Kf7 71. Kg5 Kg7 72. Nf4 Bd7 73. h4 Be8 74. Bg6 Ba4 75. Nh5+ Kh8
76. Kh6 Bb3 77. Nf4 Bc4 78. Be4 Bf7 79. Nd3 Be8 80. Ne5 Kg8 81. Bg6 Ba4 82.
Bf7+ Kf8 83. Kg6 1-0